000 00935nam a2200277 i 4500
001 77583
003 ES-MaACL
005 20250430213656.0
007 t|
008 041022s2004 sp ||||1| spa d
020 _a84-01-53068-7
080 _a94(460)"1936/39"
100 1 _aArmengou, Montse.
_922953
245 1 4 _aLas fosas del silencio
_b: ¿hay un holocausto español? /
_cMontse Armengou y Ricard Belis ; prólogo de Santiago Carrillo.
250 _a1ª ed.
260 _a[Barcelona] :
_bPlaza & Janés,
_c2004.
300 _a286 p., [16] p. de lám. ;
_c22 cm.
490 1 _aAsí fue ;
_v65
504 _aBibliografía: p. 275-276.
651 4 _aEspaña-
_xHistoria-
_y1936-1939, Guerra civil-
_xAtrocidades.
_98296
700 1 _aBelis, Ricard.
_927169
700 1 _aCarrillo, Santiago,
_d1915-2012
_9240177
830 0 _aAsí fue ;
_v65
_9179780
852 _aES-MaACL
_jL-28352
_bR.134289
999 _c77583
_d77583